| 000 | 02238nam a22002897a 4500 | ||
|---|---|---|---|
| 999 |
_c57573 _d57573 |
||
| 003 | Ge_BSU | ||
| 005 | 20200806112348.0 | ||
| 008 | 200806s2018 ge ||||| |||| 00| 0 geo d | ||
| 020 | _a9789941805134 | ||
| 041 | _ageo | ||
| 080 | _a94(479.22)"1991.12-1992.01" ც-83 | ||
| 100 |
_aცომაია, ლეილა. _99109 |
||
| 245 |
_aპრეზიდენტ ზვიად გამსახურდიას ხელისუფლების დამხობა : _b [მონოგრაფია] / _cლეილა ცომაია ; რედაქტორი ბეჟან ჯავახია ; გარეკანის დიზაინერები: გიორგი გელაშვილი, თამარ ლომთაძე. |
||
| 264 |
_aთბილისი : _bინტელექტი, _c2018. |
||
| 300 |
_a932 გვ. : _bფოტ. ; _c25 სმ. |
||
| 500 | _aწიგნი გამოიცა და დაისტამბა უცხოეთში მცხოვრები ქართველი ემიგრანტებისა და საქართველოს მოქალაქე მამულიშვილთა შემოწირულობებით გარეკანზე ავტორი აღნიშნული არ არის. | ||
| 504 | _aბიბლიოგრ.: გვ. 921-929. | ||
| 546 | _aანოტაცია ქართ. და ინგლ. ენებზე. | ||
| 653 | _aგამსახურდია, ზვიად, 1939-1993. | ||
| 653 | _aსამოქალაქო ომი საქართველოში. | ||
| 653 | _a1991 წლის 22 დეკემბერი -- სამხედრო გადატრიალება საქართველოში -- თბილისის ომი. | ||
| 653 | _aისტორია | ||
| 700 |
_aჯავახია, ბეჟან _eრედაქტორი _99110 |
||
| 700 |
_aგელაშვილი, გიორგი _eდიზაინერი. _95742 |
||
| 700 |
_aლომთაძე, თამარ _eდიზაინერი. _99111 |
||
| 942 |
_2udc _cBK |
||